000 00864nam a2200241 i 4500
001 91935
003 ES-MaACL
005 20250823033609.0
007 t|
008 050308m20012003sp ||||1| spa d
020 _a84-931798-3-3
080 _a929.6(460)
080 _a929.52(460):929.731
100 0 _aFernández de Bethencourt, Francisco,
_d1851-1916
_949629
245 1 0 _aHistoria genealógica y heráldica de la monarquía española, Casa Real y grandes de España /
_cpor Francisco Fernández de Bethencourt.
260 _aSevilla :
_bFabiola de Publicaciones Hispalenses,
_c2001-2003.
300 _a10 v. ;
_c30 cm.
650 1 4 _aHeráldica-
_zEspaña.
_913317
651 4 _aEspaña-
_xGenealogía.
_98199
651 7 _aEspaña-
_xReyes y soberanos-
_xGenealogía
_2
_9172941
852 _aES-MaACL
_jL-28979-88
999 _c91935
_d91935